000 00491nam a2200169Ia 4500
003 OSt
005 20200127124424.0
008 190216s9999||||xx |||||||||||||| ||und||
040 _coclc
082 _a657.45
_bPAG/P
100 _a Pagare, Dinkar
_91263
245 0 _aPrinciples And Practice Of Auditing /
_cDinkar Pagare
250 _a7th ed.
260 _bSultan Chand & Sons,
_c1999.
_aNew Delhi:
300 _a528p
942 _cBK
_2ddc
_h657.45
_iPAG/P
_k657.45
_mPAG/P
999 _c5809
_d5809